LEADER 00976nam0-22002891i-450- 001 990006148060403321 005 20120418124016.0 035 $a000614806 035 $aFED01000614806 035 $a(Aleph)000614806FED01 035 $a000614806 100 $a20000112d1989----km-y0itay50------ba 101 0 $aeng 105 $ay-------00-yy 200 1 $aRecensiones a$e(Royden Hasley L.$eThe Magistrates of the Roman professional collegia in Italia from the first to the third century a.D., Pisa, Giannini, 1988$fFRANCESCO M. DE ROBERTIS 210 $aRomae$cPontificia Universitas Laternanensis$d1989 215 $a592-595 p.$d24 cm 463 0$1200$aStudia et documenta historiae et iuris, LV, 1989 676 $a340.54 700 1$aDe Robertis,$bFrancesco M.$0187089 801 0$aIT$bUNINA$gRICA$2UNIMARC 901 $aBK 912 $a990006148060403321 952 $aBUSTA 1 (16) 22$b23384*$fFGBC 959 $aFGBC 996 $aRecensiones a$9645784 997 $aUNINA LEADER 01069nam a2200277 i 4500 001 991001156539707536 005 20020507112026.0 008 980325s1998 fr ||| | fre 020 $a2225831513 035 $ab10181611-39ule_inst 035 $aLE00643089$9ExL 040 $aDip.to Fisica$bita 084 $a621.3.2.4 100 1 $aMathieu, Henry$0360116 245 10$aPhysique des semiconducteurs et des composants électroniques /$cHenry Mathieu 250 $a4ème éd. 260 $aParis :$bMasson,$c1998 300 $axiv, 709 p. ;$c24 cm. 650 4$aSemiconductors 907 $a.b10181611$b02-04-14$c27-06-02 912 $a991001156539707536 945 $aLE006 621.3.2(047.3) MAT$g1$i2006000068994$lle006$on$pE0.00$q-$rl$sm $t0$u0$v0$w0$x0$y.i10222686$z27-06-02 945 $aLE006 621.3.2(047.3) MAT$g2$i2006000069588$lle006$o-$pE0.00$q-$rl$s- $t0$u10$v1$w10$x0$y.i10222698$z27-06-02 996 $aPhysique des semiconducteurs et des composants électroniques$9190784 997 $aUNISALENTO 998 $ale006$b01-01-98$cm$da $e-$ffre$gfr $h0$i2